000 00291nam a22001337a 4500
008 170918b xxu||||| |||| 00| 0 eng d
020 _a050283050056
041 _aeng
080 _a7
100 _a44
101 _aART
245 _aCOLOR AND HOW TO USE IT
_cPOWELL, W.F
942 _2udc
_cBK
999 _c27969
_d27969